| 000 | 00638nam a2200205 4500 | ||
|---|---|---|---|
| 003 | OSt | ||
| 005 | 20240626011556.0 | ||
| 006 | a | ||
| 008 | 240626b |||||||| |||| 00| 0 eng d | ||
| 020 | _a9789718590164 | ||
| 040 |
_aDWCL-Main lib. _cOC |
||
| 082 | _aFil. 370 D877r 2011 | ||
| 100 | _aDuka, Cecilio D. | ||
| 245 | _aReviewer for the Licensure Examination for teachers (LET) / | ||
| 260 |
_aManila : _bManila Review Institute, Inc. , _cc2011. |
||
| 300 |
_aix, _b415 p. ; _c26 cm. |
||
| 504 | _aIncludes bibliographical references. | ||
| 650 | _a1. education-examinations, questions, etc. | ||
| 942 |
_2ddc _n0 _cBK - FIL _kFil. |
||
| 999 |
_c1351 _d1351 |
||